Staří psi a nové triky aneb O tvořivosti a spolupráci
Uložené v:
| Hlavný autor: | |
|---|---|
| Médium: | Kniha |
| Jazyk: | Czech |
| Vydavateľské údaje: |
Praha
MANAGEMENT PRESS
2001
|
| Predmet: | |
| Tagy: |
Žiadne tagy, Buďte prvý, kto otaguje tento záznam!
|
MARC
| LEADER | 00000nam a2200000 4500 | ||
|---|---|---|---|
| 001 | c129673 | ||
| 005 | 20221124104826.5 | ||
| 020 | |a 80-7261-045-7 | ||
| 041 | 0 | |a cze | |
| 044 | |a CZ | ||
| 245 | 1 | 0 | |a Staří psi a nové triky |b aneb O tvořivosti a spolupráci |c Warren Bennis |
| 264 | 1 | |a Praha |b MANAGEMENT PRESS |c 2001 | |
| 300 | |a 175 s. | ||
| 610 | 2 | 0 | |a manažéri |
| 610 | 2 | 0 | |a manažment |
| 610 | 2 | 0 | |a manažment personálny |
| 610 | 2 | 0 | |a práca kolektívna |
| 610 | 2 | 0 | |a práca kvalifikovaná |
| 610 | 2 | 0 | |a práca tímová |
| 610 | 2 | 0 | |a práca tvorivá |
| 610 | 2 | 0 | |a spolupracovníci |
| 610 | 2 | 0 | |a pracovníci riadiaci |
| 610 | 2 | 0 | |a pracovníci tvoriví |
| 610 | 2 | 0 | |a riaditelia |
| 610 | 2 | 0 | |a schopnosti pracovné |
| 610 | 2 | 0 | |a potenciál ľudský |
| 100 | 1 | |a Bennis, Warren | |